000 00666nam a22002292 4500
001 50840
003 BD-RjUL
005 20211209075555.0
008 160828r19601949enka 000 0 eng
035 _aOCLC ocm06749301 from D970923M
_a(BD-RjUL)50960
040 _aDLC
_cCUI
_dUKM
_dEQO
_dBD-RjUL
_beng
041 _aeng
082 0 4 _223
_a515
_bKEC 1960
100 1 _aKells, Lyman M.
_q(Lyman Morse),
_d1888-
_9152191
245 1 0 _aCalculus /
_cLyman M. Kells.
250 _a2d ed.
260 _aLondon :
_bAllen & Unwin,
_c1949
_c[Printing 1960].
300 _a508 p.
_billus.
_c23 cm.
650 0 _aCalculus.
_9152192
942 _2ddc
_cBK
999 _c50840
_d50840